|
|
|
|
| LEADER |
03322nam a2200745 i 4500 |
| 001 |
nkc20243595092 |
| 003 |
CZ PrNK |
| 005 |
20240411141205.0 |
| 007 |
ta |
| 008 |
240312t20242024xr ach e c 000 0 cze |
| 015 |
|
|
|a cnb003595092
|
| 020 |
|
|
|a 978-80-88027-55-3
|q (brožováno)
|
| 035 |
|
|
|a (OCoLC)1433648161
|
| 040 |
|
|
|a BOA001
|b cze
|d OLA001
|e rda
|
| 041 |
0 |
|
|a cze
|b eng
|
| 043 |
|
|
|a e-xr---
|
| 045 |
|
|
|a w-w-
|
| 072 |
|
7 |
|a 7.01/.09
|x Umění
|2 Konspekt
|9 21
|
| 080 |
|
|
|a 72/76.071.1
|2 MRF
|
| 080 |
|
|
|a 316.662
|2 MRF
|
| 080 |
|
|
|a 7.074/.075
|2 MRF
|
| 080 |
|
|
|a 72/76(437.3)
|2 MRF
|
| 080 |
|
|
|a 7.011:316.72/.75
|2 MRF
|
| 080 |
|
|
|a (437.3)
|2 MRF
|
| 080 |
|
|
|a (083.824)
|2 MRF
|
| 100 |
1 |
|
|a Bendová, Eva,
|d 1976-
|7 xx0076089
|4 aut
|4 edt
|
| 245 |
1 |
0 |
|a Umění prodat (se) :
|b umělec ve spárech trhu 19. století /
|c Eva Bendová, Marie Fiřtová, Vít Vlnas
|
| 246 |
3 |
3 |
|a Umění prodat
|
| 246 |
3 |
3 |
|a Umění prodat se
|
| 264 |
|
1 |
|a Plzeň :
|b Západočeská galerie v Plzni, p.o.,
|c [2024]
|
| 264 |
|
4 |
|c ©2024
|
| 300 |
|
|
|a 85 stran :
|b ilustrace (převážně barevné), portréty, faksimile ;
|c 27 cm
|
| 336 |
|
|
|a text
|b txt
|2 rdacontent
|
| 336 |
|
|
|a statický obraz
|b sti
|2 rdacontent
|
| 337 |
|
|
|a bez média
|b n
|2 rdamedia
|
| 338 |
|
|
|a svazek
|b nc
|2 rdacarrier
|
| 500 |
|
|
|a "Výstava a publikace byly připraveny ve spolupráci Západočeské galerie v Plzni s Katolickou teologickou fakultou Univerzity Karlovy v Praze k programu 44. ročníku plzeňského mezioborového sympozia na aktuální téma Trh a kapitál v české kultuře 19. století, konaného v rámci festivalu Smetanovské dny 2024"--Tiráž
|
| 500 |
|
|
|a Vydáno ke stejnojmenné výstavě konané 1.3.-2.6.2024 v Západočeské galerii v Plzni, výstavní síň "13"
|
| 500 |
|
|
|a 300 výtisků
|
| 504 |
|
|
|a Obsahuje bibliografické odkazy
|
| 546 |
|
|
|a Anglické resumé
|
| 648 |
|
7 |
|a 19. století
|7 ch460557
|2 czenas
|
| 650 |
0 |
7 |
|a výtvarní umělci
|7 ph116709
|z Česko
|y 19. století
|2 czenas
|
| 650 |
0 |
7 |
|a výtvarní umělci
|7 ph116709
|x společenské postavení
|2 czenas
|
| 650 |
0 |
7 |
|a obchod s uměním
|7 ph164921
|z Česko
|y 19. století
|2 czenas
|
| 650 |
0 |
7 |
|a české výtvarné umění
|7 ph116865
|y 19. století
|2 czenas
|
| 650 |
0 |
7 |
|a umění a společnost
|7 ph126924
|z Česko
|y 19. století
|2 czenas
|
| 650 |
0 |
9 |
|a artists
|z Czechia
|y 19th century
|2 eczenas
|
| 650 |
0 |
9 |
|a artists
|x social status
|2 eczenas
|
| 650 |
0 |
9 |
|a art trade
|z Czechia
|y 19th century
|2 eczenas
|
| 650 |
0 |
9 |
|a Czech art
|y 19th century
|2 eczenas
|
| 650 |
0 |
9 |
|a art and society
|z Czechia
|y 19th century
|2 eczenas
|
| 655 |
|
7 |
|a katalogy výstav
|7 fd132536
|2 czenas
|
| 655 |
|
9 |
|a exhibition catalogs
|2 eczenas
|
| 700 |
1 |
|
|a Fiřtová, Marie
|7 ola20201089379
|4 aut
|
| 700 |
1 |
|
|a Vlnas, Vít,
|d 1962-
|7 jn19990209996
|4 aut
|
| 710 |
2 |
|
|a Výstavní síň "13" (Plzeň, Česko)
|7 pna2005285406
|4 orm
|
| 710 |
2 |
|
|a Západočeská galerie (Plzeň, Česko)
|7 kn20010709207
|4 orm
|
| 710 |
2 |
|
|a Univerzita Karlova.
|b Katolická teologická fakulta
|7 kn20010710344
|4 orm
|
| 711 |
2 |
|
|a Smetanovské dny (festival)
|n (44. :
|d 2024 :
|c Plzeň, Česko)
|7 pna20241221295
|4 oth
|
| 910 |
2 |
|
|a BOA001
|b 3-1523.137
|
| 990 |
|
|
|a BK
|
| 995 |
|
|
|a 01
|
| 991 |
|
|
|b 202403
|c NOV
|
| 996 |
6 |
|
|b 2610964986
|c 3-1523.137
|l MZK
|r Sklad / do 1 hodiny
|n 2
|p p.v.
|w 001958075
|u 000010
|a 1
|e BOA001
|j MZK50
|s P
|